logo

Bir Sreshtho Munshi Abdur Rouf Library
Jhenaidah Cadet College

Essays on sociology and social psychology / (Record no. 7954)

MARC details
000 -LEADER
fixed length control field 00767nam a2200253 a 4500
001 - CONTROL NUMBER
JCCL Control Number 7954
003 - CONTROL NUMBER IDENTIFIER
JCCL marc code UkOxU
005 - DATE AND TIME OF LATEST TRANSACTION
control field 20180215181625.0
008 - FIXED-LENGTH DATA ELEMENTS--GENERAL INFORMATION
fixed length control field 880808s1953 enk 001 0 eng d
020 ## - INTERNATIONAL STANDARD BOOK NUMBER
International Standard Book Number 0710033184
035 ## - SYSTEM CONTROL NUMBER
system control number (BD-JhCC)7954
040 ## - CATALOGING SOURCE
Original cataloging agency MNM
Transcribing agency MNM
Modifying agency OCL
-- m.c
041 ## - LANGUAGE CODE
Language code of Book eng
082 ## - DEWEY DECIMAL CLASSIFICATION NUMBER
Classification number 302
Author mark and Year MAN 1953
100 1# - MAIN ENTRY--PERSONAL NAME
Personal name Mannheim, Karl,
Dates associated with a name 1893-1947.
245 10 - TITLE STATEMENT
Title Essays on sociology and social psychology /
Statement of responsibility, etc Karl Mannheim ; edited by Paul Kecskemeti.
260 ## - PUBLICATION, DISTRIBUTION, ETC. (IMPRINT)
Place of publication, distribution, etc London :
Name of publisher, distributor, etc Routledge & Kegan Paul,
Date of publication, distribution, etc 1953.
300 ## - PHYSICAL DESCRIPTION
Pagination viii, 319 p. ;
Dimensions 23 cm.
650 #0 - SUBJECT ADDED ENTRY--TOPICAL TERM
Topical term or geographic name as entry element Sociology.
650 #0 - SUBJECT ADDED ENTRY--TOPICAL TERM
Topical term or geographic name as entry element Social psychology.
830 #0 - SERIES ADDED ENTRY--UNIFORM TITLE
Uniform title International library of sociology and social reconstruction (Routledge & Kegan Paul)
942 ## - ADDED ENTRY ELEMENTS (KOHA)
Source of classification or shelving scheme Dewey Decimal Classification
Koha item type Books
Holdings
Source of classification or shelving scheme Damaged status Not for loan Home library Current library Shelving location Total Checkouts Full call number Barcode Date last seen Copy number Koha item type
Dewey Decimal Classification     JCC Rouf Library JCC Rouf Library General Stacks   302 MAN 1953 10548 02/15/2018 C - 1 Books

JCC Library | Contacts | JCC Home

Last Update on 23 September 2017
Copyright @ 2017-2020 JCC Rouf Library
Rouf Library, Jhenidah Cadet College (JCC), Bangladesh